[Event "POR-chT"]
[Site "Penafiel"]
[Date "2020.08.24"]
[Round "4.1"]
[White "Frois, Antonio"]
[Black "Pinheiro, Albano Guise"]
[Result "1-0"]
[WhiteElo "2274"]
[BlackElo "1980"]
[PlyCount "109"]
[EventDate "2020.08.22"]
[EventType "team-tourn"]
[EventRounds "9"]
[EventCountry "POR"]
[SourceTitle "CBM 198 Extra"]
[Source "ChessBase"]
[SourceDate "2020.11.30"]
[SourceVersion "1"]
[SourceVersionDate "2020.11.30"]
[SourceQuality "1"]
[WhiteTeam "Gaia"]
[BlackTeam "Amanha da Crianca"]
[WhiteTeamCountry "POR"]
[BlackTeamCountry "POR"]

1. Nf3 Nf6 2. c4 g6 3. g3 Bg7 4. Bg2 0-0 5. 0-0 c5 6. Nc3 Nc6 7. d4 cxd4 8. Nxd4 Nxd4 9. Qxd4 d6 10. Qd3 a6 11. Bd2 Rb8 12. Rac1 Bd7 13. c5 Bc6 14. cxd6 Qxd6 15. Qxd6 exd6 16. Rfd1 Bxg2 17. Kxg2 d5 18. Be3 b5 19. b3 Rfd8 20. Bd4 Rbc8 21. Bxf6 Bxf6 22. Nxd5 Bg5 23. Rxc8 Rxc8 24. f4 Bd8 25. Kf3 Kf8 26. Rd2 Ke8 27. e4 Rc1 28. e5 h5 29. Ne3 Bb6 30. Nd5 Bd8 31. h3 h4 32. gxh4 Bxh4 33. Ne3 Be7 34. Rc2 Ra1 35. f5 gxf5 36. Nxf5 Kd7 37. h4 Rf1+ 38. Rf2 Rh1 39. Kg4 Rg1+ 40. Kf4 Rh1 41. Rd2+ Ke8 42. h5 Rf1+ 43. Ke4 Bg5 44. Nd6+ Kd7 45. Rg2 Bh6 46. Rg8 f6 47. Nf7 f5+ 48. Kd3 Bc1 49. h6 Rh1 50. Rg6 Ke7 51. Nd6 f4 52. Nf5+ Kf8 53. e6 f3 54. e7+ Kf7 55. Rg7+ 1-0

[Event "POR-chT"]
[Site "Penafiel"]
[Date "2020.08.22"]
[Round "1.4"]
[White "Frois, Antonio"]
[Black "Veiga, Jose Francisco RP"]
[Result "0-1"]
[WhiteElo "2274"]
[BlackElo "2322"]
[PlyCount "66"]
[EventDate "2020.08.22"]
[EventType "team-tourn"]
[EventRounds "9"]
[EventCountry "POR"]
[SourceTitle "CBM 198 Extra"]
[Source "ChessBase"]
[SourceDate "2020.11.30"]
[SourceVersion "1"]
[SourceVersionDate "2020.11.30"]
[SourceQuality "1"]
[WhiteTeam "Gaia"]
[BlackTeam "Montemor o Novo"]
[WhiteTeamCountry "POR"]
[BlackTeamCountry "POR"]

1. Nf3 Nf6 2. c4 g6 3. g3 Bg7 4. Bg2 0-0 5. 0-0 c5 6. Nc3 Nc6 7. d4 cxd4 8. Nxd4 Nxd4 9. Qxd4 d6 10. Qd3 a6 11. Bd2 Rb8 12. Rac1 Bd7 13. Rfd1 b5 14. b3 Qb6 15. Nd5 Nxd5 16. cxd5 b4 17. Be3 Qa5 18. Rc2 Rfc8 19. Bg5 Rxc2 20. Qxc2 Rc8 21. Qe4 Bf8 22. Bf3 Qxa2 23. Qxb4 Bb5 24. Re1 Rc2 25. Qe4 Qxb3 26. Qd4 Qc3 27. Qd1 h6 28. Be3 Bg7 29. Rf1 a5 30. Qb1 Bxe2 31. Qb8+ Kh7 32. Bxe2 Rxe2 33. Qe8 Re1 0-1

[Event "Lisbon Portugal rapid 2op"]
[Site "Lisbon"]
[Date "2020.02.02"]
[Round "3"]
[White "Sousa, Ludy Helsio Paulo"]
[Black "Frois, Antonio"]
[Result "1-0"]
[WhiteElo "2243"]
[BlackElo "2273"]
[PlyCount "121"]
[EventDate "2020.01.02"]
[EventType "swiss (rapid)"]
[EventRounds "8"]
[EventCountry "POR"]
[SourceTitle "CBM 194 Extra"]
[Source "ChessBase"]
[SourceDate "2020.03.31"]
[SourceVersion "1"]
[SourceVersionDate "2020.03.31"]
[SourceQuality "1"]

1. e4 Nf6 2. e5 Nd5 3. d4 d6 4. c4 Nb6 5. exd6 cxd6 6. Nc3 g6 7. Be3 Bg7 8. b3 0-0 9. Rc1 Nc6 10. d5 Ne5 11. Be2 a6 12. f4 Ned7 13. Nf3 Nf6 14. h3 e6 15. dxe6 Bxe6 16. 0-0 Rc8 17. Nd4 Re8 18. Qd2 d5 19. c5 Nbd7 20. b4 Qe7 21. f5 Bxf5 22. Nxf5 gxf5 23. Bg5 Qe5 24. Bf4 Ne4 25. Nxe4 Qxe4 26. Bd3 Qd4+ 27. Kh1 Ne5 28. Bxf5 Qxd2 29. Bxd2 Rcd8 30. Bg5 f6 31. Bh4 Nc4 32. Rfe1 Ne3 33. Bd3 Rc8 34. a4 Kf7 35. b5 axb5 36. axb5 Re6 37. Bf2 d4 38. Bxh7 Bf8 39. Bxe3 Rxe3 40. Rxe3 dxe3 41. c6 bxc6 42. Bf5 Rc7 43. bxc6 Bb4 44. Bg4 f5 45. Bf3 Ke6 46. Kg1 Bd6 47. Kf1 Ra7 48. Ke2 f4 49. Rc2 Bc7 50. h4 Kf6 51. Be4 Ra4 52. Kf3 Ra1 53. Bd3 Rh1 54. Rb2 Ke5 55. h5 Kd4 56. Rb1 Rxh5 57. Rb7 Kxd3 58. Rxc7 Rc5 59. Rd7+ Kc4 60. c7 Kb5 61. Rd5 1-0

[Event "Lisbon Portugal op"]
[Site "Lisbon"]
[Date "2020.01.27"]
[Round "4"]
[White "Haldorsen, Benjamin"]
[Black "Frois, Antonio"]
[Result "1-0"]
[WhiteElo "2463"]
[BlackElo "2273"]
[PlyCount "101"]
[EventDate "2020.01.25"]
[EventType "swiss"]
[EventRounds "9"]
[EventCountry "POR"]
[SourceTitle "CBM 194"]
[Source "ChessBase"]
[SourceDate "2020.01.27"]
[SourceVersion "1"]
[SourceVersionDate "2020.01.27"]
[SourceQuality "1"]

1. e4 Nf6 2. e5 Nd5 3. d4 d6 4. Nf3 Bg4 5. Be2 e6 6. 0-0 Be7 7. c4 Nb6 8. Be3 0-0 9. Nc3 N8d7 10. exd6 cxd6 11. b3 Rc8 12. h3 Bh5 13. Qd2 Nf6 14. Rfd1 Re8 15. a4 a6 16. a5 Nbd7 17. Na4 Ne4 18. Qe1 Bf8 19. b4 f5 20. Rac1 Qf6 21. Ne5 dxe5 22. Bxh5 Red8 23. d5 exd5 24. Rxd5 Qh4 25. Be2 Nef6 26. Rdd1 f4 27. Bb6 Re8 28. c5 e4 29. f3 Qg5 30. Qf2 Ne5 31. Nc3 exf3 32. h4 Qg4 33. Bxf3 Nxf3+ 34. Qxf3 Qxh4 35. Rf1 Nh5 36. Ne2 Re3 37. Qf2 Qxf2+ 38. Rxf2 Re4 39. Rb1 g5 40. Nc3 Re3 41. Rf3 Re5 42. Rd3 Rce8 43. Rd5 h6 44. Rxe5 Rxe5 45. Rd1 Ng3 46. Nd5 Bg7 47. b5 axb5 48. a6 bxa6 49. c6 Nf5 50. c7 Nd6 51. Nf6+ 1-0

[Event "Guimaraes 2nd"]
[Site "Guimaraes"]
[Date "2018.10.05"]
[Round "2"]
[White "Andrade, Ricardo Sarmento"]
[Black "Frois, Antonio"]
[Result "0-1"]
[WhiteElo "1751"]
[BlackElo "2267"]
[PlyCount "66"]
[EventDate "2018.10.04"]
[EventType "swiss"]
[EventRounds "7"]
[EventCountry "POR"]
[SourceTitle "CBM 186 Extra"]
[Source "ChessBase"]
[SourceDate "2018.08.24"]
[SourceVersion "1"]
[SourceVersionDate "2018.08.24"]
[SourceQuality "1"]

1. e4 c5 2. Nf3 e6 3. d4 cxd4 4. Nxd4 Nf6 5. Bd3 d6 6. 0-0 Be7 7. c4 0-0 8. Nc3 a6 9. Be3 b6 10. Rc1 Bb7 11. Qe2 Nbd7 12. f3 Qc7 13. Rfd1 Rac8 14. Qf2 Rfe8 15. b3 Qb8 16. Nde2 Ba8 17. Bb1 Bf8 18. Na4 b5 19. cxb5 axb5 20. Nb2 d5 21. exd5 Nxd5 22. Ba7 Qb7 23. Nd3 N7b6 24. Bxb6 Qxb6 25. Qxb6 Nxb6 26. Nd4 b4 27. Ne5 Bc5 28. Kf1 Nd5 29. Nc4 Nc3 30. Rd3 e5 31. Ne2 Nxe2 32. Kxe2 e4 33. fxe4 Bxe4 0-1

[Event "Guimaraes 2nd"]
[Site "Guimaraes"]
[Date "2018.10.04"]
[Round "1"]
[White "Frois, Antonio"]
[Black "Rocha, Paulo Alexandre"]
[Result "1-0"]
[WhiteElo "2267"]
[BlackElo "1391"]
[PlyCount "59"]
[EventDate "2018.10.04"]
[EventType "swiss"]
[EventRounds "7"]
[EventCountry "POR"]
[SourceTitle "CBM 186 Extra"]
[Source "ChessBase"]
[SourceDate "2018.08.24"]
[SourceVersion "1"]
[SourceVersionDate "2018.08.24"]
[SourceQuality "1"]

1. Nf3 d5 2. g3 Bg4 3. Bg2 e6 4. 0-0 Nf6 5. c4 c6 6. b3 Be7 7. Bb2 0-0 8. d3 Nbd7 9. Nbd2 Rc8 10. Rc1 Qb6 11. Qc2 Rfd8 12. cxd5 Nxd5 13. Nc4 Qa6 14. a3 Bxf3 15. Bxf3 Bf6 16. e4 Bxb2 17. Qxb2 Ne7 18. d4 Nf8 19. e5 Nf5 20. Rfd1 Ng6 21. Be4 Nge7 22. b4 h5 23. h3 g6 24. Kg2 Nd5 25. Bxf5 exf5 26. Nd6 Rc7 27. Rc5 b6 28. Rc2 Qa4 29. Rdc1 Kf8 30. Rc4 1-0

[Event "Gaia Profigaia op 18th"]
[Site "Vila Nova de Gaia"]
[Date "2018.07.01"]
[Round "7"]
[White "Frois, Antonio"]
[Black "Andrade, Ricardo Sarmento"]
[Result "1-0"]
[WhiteElo "2276"]
[BlackElo "1728"]
[PlyCount "64"]
[EventDate "2018.06.27"]
[EventType "swiss"]
[EventRounds "7"]
[EventCountry "POR"]
[SourceTitle "CBM 185 Extra"]
[Source "ChessBase"]
[SourceDate "2018.07.29"]
[SourceVersion "1"]
[SourceVersionDate "2018.07.29"]
[SourceQuality "1"]

1. Nf3 d5 2. g3 c6 3. Bg2 Bg4 4. 0-0 e6 5. d3 Nd7 6. e4 Bd6 7. Nbd2 Ne7 8. b3 0-0 9. Bb2 a5 10. a3 Qb8 11. Qe1 Re8 12. d4 e5 13. Qe3 f6 14. Rfe1 exd4 15. Qxd4 Ne5 16. exd5 Nxf3+ 17. Bxf3 Be5 18. Rxe5 fxe5 19. Qxg4 cxd5 20. Qe6+ Kh8 21. Bxe5 Ng6 22. Bxb8 Rxe6 23. Bf4 Nxf4 24. gxf4 Rae8 25. Rf1 Rg6+ 26. Kh1 Rf6 27. Bxd5 Re2 28. Nf3 Rxc2 29. Re1 g6 30. Re8+ Kg7 31. Kg2 b6 32. Ng5 h5 1-0

[Event "Gaia Profigaia op 17th"]
[Site "Vila Nova de Gaia"]
[Date "2017.06.17"]
[Round "6"]
[White "Antao, Jorge"]
[Black "Frois, Antonio"]
[Result "0-1"]
[WhiteElo "1873"]
[BlackElo "2278"]
[PlyCount "116"]
[EventDate "2017.06.14"]
[EventType "swiss"]
[EventRounds "7"]
[EventCountry "POR"]
[SourceTitle "CBM 179 Extra"]
[Source "ChessBase"]
[SourceDate "2017.08.23"]
[SourceVersion "1"]
[SourceVersionDate "2017.08.23"]
[SourceQuality "1"]

1. Nf3 Nf6 2. d4 g6 3. Nbd2 Bg7 4. e4 d6 5. Bd3 0-0 6. 0-0 c5 7. dxc5 dxc5 8. Qe2 Nc6 9. a3 Qc7 10. c3 b6 11. Nc4 Rd8 12. Bg5 h6 13. Bh4 Nh5 14. Bg3 Nxg3 15. hxg3 Ba6 16. Rfd1 e6 17. Nce5 Bb7 18. Nxc6 Qxc6 19. Bc2 b5 20. Rxd8+ Rxd8 21. Rd1 Rxd1+ 22. Qxd1 Qc7 23. Qd3 a6 24. Nd2 c4 25. Qe2 h5 26. Nf1 Bh6 27. Qd1 e5 28. Qe2 Kg7 29. Ne3 Qc5 30. Nd1 Bc8 31. Kh2 Bg4 32. f3 Be6 33. Qf2 Qd6 34. Ne3 Qd8 35. Qe2 Qg5 36. Nf1 Qc1 37. Bd1 Qb1 38. a4 Bc1 39. axb5 axb5 40. b3 cxb3 41. Qxb5 Bg5 42. f4 Qxd1 43. fxg5 b2 44. Ne3 b1Q 45. Qxe5+ Kh7 46. Nxd1 Qxd1 47. Qd4 Qc1 48. Qe5 Qe3 49. Kh1 Qd3 50. Kh2 Qc4 51. Kg1 Bd7 52. Qd4 Be6 53. Qxc4 Bxc4 54. Kf2 Kg7 55. e5 Kf8 56. Ke3 Ke7 57. Kd4 Bf1 58. c4 Bxg2 0-1

[Event "Gaia Profigaia op 17th"]
[Site "Vila Nova de Gaia"]
[Date "2017.06.14"]
[Round "1"]
[White "Frois, Antonio"]
[Black "Pereira, Afonso Jose Abreu"]
[Result "1-0"]
[WhiteElo "2278"]
[BlackElo "1244"]
[PlyCount "35"]
[EventDate "2017.06.14"]
[EventType "swiss"]
[EventRounds "7"]
[EventCountry "POR"]
[SourceTitle "CBM 179 Extra"]
[Source "ChessBase"]
[SourceDate "2017.08.23"]
[SourceVersion "1"]
[SourceVersionDate "2017.08.23"]
[SourceQuality "1"]

1. e4 e5 2. Nf3 Nc6 3. Bb5 a6 4. Ba4 Nf6 5. 0-0 Bd6 6. d4 Nxe4 7. Re1 Nf6 8. dxe5 Bc5 9. exf6+ Kf8 10. Bg5 gxf6 11. Bh6+ Kg8 12. Qe2 Qe7 13. Qd2 Ne5 14. Nc3 d6 15. Qf4 Bg4 16. Rxe5 fxe5 17. Qxg4+ Qg5 18. Qxg5# 1-0

[Event "POR SupercupT 23rd"]
[Site "Porto"]
[Date "2016.10.23"]
[Round "1.1"]
[White "Frois, Antonio"]
[Black "Gomes, Estevao Manuel Da"]
[Result "1-0"]
[WhiteElo "2276"]
[BlackElo "2030"]
[PlyCount "109"]
[EventDate "2016.10.23"]
[EventType "team-match"]
[EventRounds "1"]
[EventCountry "POR"]
[SourceTitle "EXT 2018"]
[Source "ChessBase"]
[SourceDate "2017.10.13"]
[SourceVersion "1"]
[SourceVersionDate "2017.10.13"]
[SourceQuality "1"]
[WhiteTeam "Gaia"]
[BlackTeam "Dias Ferreira"]
[WhiteTeamCountry "POR"]
[BlackTeamCountry "POR"]

1. Nf3 c5 2. c4 Nc6 3. g3 Nf6 4. Nc3 d5 5. cxd5 Nxd5 6. Nxd5 Qxd5 7. Bg2 e5 8. d3 Be7 9. 0-0 0-0 10. Be3 Qe6 11. Qb3 Rb8 12. Rfc1 b6 13. Nd2 Nd4 14. Qxe6 Bxe6 15. Kf1 Rfd8 16. Nc4 f6 17. f4 Nf5 18. Bd2 Nd6 19. b3 Nxc4 20. bxc4 Bd6 21. fxe5 Bxe5 22. Bc3 Bc7 23. Kg1 Rd6 24. Rab1 Re8 25. Rb2 Bg4 26. Bd5+ Be6 27. Bf3 Bd7 28. Bd2 g5 29. Rf1 Bc6 30. Bh5 Rf8 31. Rf2 Be8 32. Bxe8 Rxe8 33. Bc3 Bd8 34. a4 a5 35. Rd2 Kg7 36. Rf5 Kg6 37. e4 Ree6 38. Kf2 Bc7 39. Ke3 Rc6 40. Rd5 Rcd6 41. Rf2 Bd8 42. Rff5 Be7 43. h3 Bd8 44. Kf3 Be7 45. Kg4 h6 46. h4 Rxd5 47. h5+ Kh7 48. Rxd5 Kg8 49. Kf5 Kf7 50. Rd7 Rc6 51. e5 fxe5 52. Bxe5 Rc8 53. Bd6 Re8 54. g4 Kf8 55. Rxe7 1-0

[Event "POR-chT"]
[Site "Porto"]
[Date "2015.08.17"]
[Round "2.1"]
[White "Frois, Antonio"]
[Black "Macedo, Adriano Esteves"]
[Result "0-1"]
[WhiteElo "2320"]
[BlackElo "1820"]
[PlyCount "98"]
[EventDate "2015.08.16"]
[EventType "team-tourn"]
[EventRounds "9"]
[EventCountry "POR"]
[SourceTitle "EXT 2016"]
[Source "ChessBase"]
[SourceDate "2015.10.08"]
[SourceVersion "1"]
[SourceVersionDate "2015.10.08"]
[SourceQuality "1"]
[WhiteTeam "Gaia"]
[BlackTeam "A2D"]
[WhiteTeamCountry "POR"]
[BlackTeamCountry "POR"]

1. Nf3 Nf6 2. g3 b6 3. Bg2 Bb7 4. c4 e6 5. 0-0 Be7 6. d4 0-0 7. Nc3 Ne4 8. Bd2 f5 9. Rc1 Bf6 10. Qc2 Nxc3 11. Bxc3 Be4 12. Qb3 d6 13. Rfd1 Nd7 14. Ne1 Bxg2 15. Nxg2 Qe8 16. Qb5 Bg5 17. e3 a5 18. Qc6 Rc8 19. Rc2 Kh8 20. Rcd2 e5 21. dxe5 Nxe5 22. Qxe8 Nf3+ 23. Kh1 Rcxe8 24. Rc2 Kg8 25. Nf4 Bxf4 26. exf4 g5 27. Kg2 g4 28. h3 h5 29. Rh1 Re7 30. hxg4 hxg4 31. Rh8+ Kf7 32. Rh6 Re1 33. Rh1 Rxh1 34. Kxh1 Re8 35. Rc1 Re4 36. Kg2 Rxc4 37. Rh1 d5 38. Be5 Nxe5 39. fxe5 Ke6 40. f4 gxf3+ 41. Kxf3 Kxe5 42. Re1+ Re4 43. Rh1 d4 44. Rh7 Re3+ 45. Kf2 c5 46. Rb7 Ke4 47. Rxb6 c4 48. Ra6 Kd3 49. Rxa5 Re2+ 0-1

[Event "Gaia Profigaia op 8th"]
[Site "Vila Nova de Gaia"]
[Date "2015.07.01"]
[Round "7"]
[White "Frois, Antonio"]
[Black "Paunovic, Dragan"]
[Result "1/2-1/2"]
[WhiteElo "2314"]
[BlackElo "2447"]
[PlyCount "20"]
[EventDate "2015.06.27"]
[EventType "swiss"]
[EventRounds "9"]
[EventCountry "POR"]
[SourceTitle "EXT 2018"]
[Source "ChessBase"]
[SourceDate "2017.10.13"]
[SourceVersion "1"]
[SourceVersionDate "2017.10.13"]
[SourceQuality "1"]

1. c4 c5 2. Nc3 Nc6 3. Nf3 g6 4. g3 Bg7 5. Bg2 e5 6. d3 Nge7 7. 0-0 d6 8. Rb1 0-0 9. a3 a5 10. Bd2 Rb8 1/2-1/2

[Event "Gaia Profigaia op 8th"]
[Site "Vila Nova de Gaia"]
[Date "2015.06.29"]
[Round "5"]
[White "Guimaraes, Rui"]
[Black "Frois, Antonio"]
[Result "0-1"]
[WhiteElo "2118"]
[BlackElo "2314"]
[PlyCount "54"]
[EventDate "2015.06.27"]
[EventType "swiss"]
[EventRounds "9"]
[EventCountry "POR"]
[SourceTitle "EXT 2018"]
[Source "ChessBase"]
[SourceDate "2017.10.13"]
[SourceVersion "1"]
[SourceVersionDate "2017.10.13"]
[SourceQuality "1"]

1. f4 Nf6 2. Nf3 g6 3. b4 Bg7 4. Bb2 0-0 5. e3 b6 6. Be2 Bb7 7. 0-0 c5 8. bxc5 bxc5 9. Nc3 Nc6 10. Rb1 Rb8 11. Qe1 Ba8 12. Qh4 d5 13. f5 gxf5 14. Na4 Rb4 15. Bxf6 Rxh4 16. Bxh4 c4 17. Rb5 Qd6 18. Nc3 e6 19. Nd1 h6 20. Nf2 e5 21. Bg3 f4 22. exf4 e4 23. f5 Qd7 24. f6 Bxf6 25. Bxc4 dxc4 26. Nxe4 Bg7 27. Nd6 Nd4 0-1

[Event "Gaia Profigaia op 8th"]
[Site "Vila Nova de Gaia"]
[Date "2015.06.28"]
[Round "3"]
[White "Sousa, Hugo Carneiro"]
[Black "Frois, Antonio"]
[Result "0-1"]
[WhiteElo "1866"]
[BlackElo "2314"]
[PlyCount "60"]
[EventDate "2015.06.27"]
[EventType "swiss"]
[EventRounds "9"]
[EventCountry "POR"]
[SourceTitle "EXT 2018"]
[Source "ChessBase"]
[SourceDate "2017.10.13"]
[SourceVersion "1"]
[SourceVersionDate "2017.10.13"]
[SourceQuality "1"]

1. e4 c5 2. Nc3 d6 3. f4 g6 4. Nf3 Bg7 5. Bb5+ Bd7 6. Bc4 a6 7. d3 b5 8. Bb3 Nf6 9. e5 Ng8 10. Bxf7+ Kxf7 11. e6+ Ke8 12. exd7+ Qxd7 13. 0-0 Nf6 14. Ne4 Nc6 15. Rb1 Rf8 16. b3 Kf7 17. Bb2 Kg8 18. g3 Rae8 19. Nxf6+ Bxf6 20. Bxf6 Rxf6 21. Qd2 Ref8 22. d4 cxd4 23. Nxd4 Qa7 24. c3 e5 25. fxe5 dxe5 26. Rxf6 Rxf6 27. Qg5 Kg7 28. Rf1 Rxf1+ 29. Kxf1 exd4 30. Qd5 Qf7+ 0-1

[Event "Gaia Profigaia op 8th"]
[Site "Vila Nova de Gaia"]
[Date "2015.06.27"]
[Round "1"]
[White "Pereira, Eduardo Jorge Ferre"]
[Black "Frois, Antonio"]
[Result "0-1"]
[WhiteElo "1269"]
[BlackElo "2314"]
[PlyCount "40"]
[EventDate "2015.06.27"]
[EventType "swiss"]
[EventRounds "9"]
[EventCountry "POR"]
[SourceTitle "EXT 2018"]
[Source "ChessBase"]
[SourceDate "2017.10.13"]
[SourceVersion "1"]
[SourceVersionDate "2017.10.13"]
[SourceQuality "1"]

1. e4 c5 2. Nf3 g6 3. d4 cxd4 4. Nxd4 Nc6 5. Nc3 Bg7 6. Be3 Nf6 7. f3 0-0 8. Qd2 d5 9. 0-0-0 dxe4 10. fxe4 Ng4 11. Nxc6 Qxd2+ 12. Rxd2 bxc6 13. Nd1 Nxe3 14. Nxe3 Rb8 15. c3 Be6 16. Bc4 Bh6 17. Bxe6 Bxe3 18. Bb3 Rbd8 19. Rhd1 Rxd2 20. Rxd2 Rd8 0-1

[Event "POR CupT 1/8f-1/4f"]
[Site "Madeira, Torres Novas"]
[Date "2015.05.24"]
[Round "4.2"]
[White "Frois, Antonio"]
[Black "Viela, Andre Filipe Folha"]
[Result "0-1"]
[WhiteElo "2330"]
[BlackElo "2160"]
[PlyCount "60"]
[EventDate "2015.05.23"]
[EventType "team-k.o."]
[EventRounds "6"]
[EventCountry "POR"]
[SourceTitle "EXT 2018"]
[Source "ChessBase"]
[SourceDate "2017.10.13"]
[SourceVersion "1"]
[SourceVersionDate "2017.10.13"]
[SourceQuality "1"]
[WhiteTeam "Gaia"]
[BlackTeam "Dias Ferreira"]
[WhiteTeamCountry "POR"]
[BlackTeamCountry "POR"]

1. Nf3 Nf6 2. g3 d5 3. Bg2 g6 4. 0-0 Bg7 5. c4 c6 6. cxd5 cxd5 7. d4 0-0 8. Nc3 Nc6 9. Ne5 Nxe5 10. dxe5 Ng4 11. Nxd5 Nxe5 12. Bg5 Nc6 13. Rc1 h6 14. Rxc6 hxg5 15. Rc7 Kh8 16. Qc1 e6 17. Ne7 Bf6 18. Rd1 Qe8 19. Nxc8 Rxc8 20. Bxb7 Rxc7 21. Qxc7 Qa4 22. Rd7 Kg8 23. b3 Qxa2 24. Qc4 a5 25. Be4 Qa1+ 26. Kg2 Qc3 27. Qb5 Qb4 28. Qd3 Qc3 29. Qb1 Rb8 30. Bxg6 Qc6+ 0-1

[Event "POR-ch Seniors rapid"]
[Site "Sao Pedro do Sul"]
[Date "2015.01.10"]
[Round "1"]
[White "Dias, Jose Oliveira Gaspa"]
[Black "Frois, Antonio"]
[Result "0-1"]
[WhiteElo "1646"]
[BlackElo "2321"]
[PlyCount "78"]
[EventDate "2015.01.10"]
[EventType "swiss (rapid)"]
[EventRounds "6"]
[EventCountry "POR"]
[SourceTitle "EXT 2018"]
[Source "ChessBase"]
[SourceDate "2017.10.13"]
[SourceVersion "1"]
[SourceVersionDate "2017.10.13"]
[SourceQuality "1"]

1. Nf3 c5 2. e3 g6 3. c4 Bg7 4. Nc3 Nf6 5. Be2 0-0 6. 0-0 Nc6 7. d4 cxd4 8. exd4 d5 9. b3 b6 10. Bb2 Bb7 11. Rc1 Rc8 12. Re1 Na5 13. Nb5 a6 14. Na3 Qd6 15. cxd5 Nxd5 16. Nc4 Qf4 17. g3 Qb8 18. Nfe5 Rfd8 19. Nxa5 bxa5 20. Rxc8 Qxc8 21. Qa1 Nb4 22. Rc1 Qe6 23. Bc4 Bd5 24. a3 Bxc4 25. bxc4 Bxe5 26. axb4 Bc7 27. d5 Qf5 28. bxa5 Rb8 29. Bd4 h5 30. Qa2 h4 31. Re1 h3 32. f4 Qd3 33. Bf2 Qf3 34. Bb6 Rxb6 35. Rf1 Qe3+ 36. Kh1 Bd6 37. axb6 Qe4+ 38. Kg1 Bc5+ 39. Rf2 Qg2# 0-1

[Event "Gaia Profigaia op 7th"]
[Site "Vila Nova de Gaia"]
[Date "2014.07.04"]
[Round "9"]
[White "Sousa, Andre Ventura"]
[Black "Frois, Antonio"]
[Result "1-0"]
[WhiteElo "2070"]
[BlackElo "2334"]
[PlyCount "47"]
[EventDate "2014.06.28"]
[EventType "swiss"]
[EventRounds "9"]
[EventCountry "POR"]
[SourceTitle "CBM 161 Extra"]
[Source "ChessBase"]
[SourceDate "2014.08.29"]
[SourceVersion "1"]
[SourceVersionDate "2014.08.29"]
[SourceQuality "1"]

1. e4 c5 2. b3 Nc6 3. Bb2 d6 4. Nc3 Nf6 5. Bb5 Bd7 6. Bxc6 Bxc6 7. Qe2 g6 8. f4 Bg7 9. 0-0-0 0-0 10. Nf3 Qa5 11. Kb1 b5 12. e5 Nd5 13. Nxd5 Bxd5 14. h4 Rac8 15. h5 Rc6 16. hxg6 fxg6 17. Ng5 h6 18. Qd3 Bf7 19. Nxf7 Rxf7 20. e6 Rf5 21. Qg3 Ra6 22. a4 g5 23. Bxg7 Kxg7 24. Qh3 1-0

[Event "Gaia Profigaia op 7th"]
[Site "Vila Nova de Gaia"]
[Date "2014.07.03"]
[Round "8"]
[White "Frois, Antonio"]
[Black "Paunovic, Dragan"]
[Result "1/2-1/2"]
[WhiteElo "2334"]
[BlackElo "2478"]
[PlyCount "21"]
[EventDate "2014.06.28"]
[EventType "swiss"]
[EventRounds "9"]
[EventCountry "POR"]
[SourceTitle "CBM 161 Extra"]
[Source "ChessBase"]
[SourceDate "2014.08.29"]
[SourceVersion "1"]
[SourceVersionDate "2014.08.29"]
[SourceQuality "1"]

1. Nf3 Nf6 2. c4 g6 3. Nc3 Bg7 4. g3 0-0 5. Bg2 c6 6. 0-0 d5 7. cxd5 cxd5 8. d4 e6 9. Bg5 h6 10. Bxf6 Qxf6 11. e3 1/2-1/2

[Event "Gaia Profigaia op 7th"]
[Site "Vila Nova de Gaia"]
[Date "2014.07.02"]
[Round "6"]
[White "Frois, Antonio"]
[Black "Guimaraes, Rui"]
[Result "1-0"]
[WhiteElo "2334"]
[BlackElo "2081"]
[PlyCount "139"]
[EventDate "2014.06.28"]
[EventType "swiss"]
[EventRounds "9"]
[EventCountry "POR"]
[SourceTitle "CBM 161 Extra"]
[Source "ChessBase"]
[SourceDate "2014.08.29"]
[SourceVersion "1"]
[SourceVersionDate "2014.08.29"]
[SourceQuality "1"]

1. Nf3 g6 2. c4 Bg7 3. Nc3 e5 4. d3 d6 5. g3 Nf6 6. Bg2 0-0 7. 0-0 c6 8. Rb1 a5 9. a3 Re8 10. e4 Na6 11. h3 d5 12. cxd5 cxd5 13. exd5 Nxd5 14. Nxd5 Qxd5 15. Ng5 Qb5 16. Qf3 Re7 17. Ne4 Bf5 18. g4 Bxe4 19. Qxe4 Nc5 20. Qc4 Qxc4 21. dxc4 e4 22. Bg5 f6 23. Be3 Nd3 24. f3 exf3 25. Rxf3 f5 26. Bg5 Re1+ 27. Rxe1 Nxe1 28. Rb3 Bd4+ 29. Kf1 Nxg2 30. Kxg2 fxg4 31. hxg4 b6 32. Be3 Bxe3 33. Rxe3 Rc8 34. Kf3 Kf7 35. Rb3 Rc6 36. Rb5 Kf6 37. b3 h6 38. a4 Ke6 39. Ke4 Kf6 40. Rd5 Re6+ 41. Kd3 Rc6 42. Kd4 Ke6 43. Re5+ Kf6 44. Rb5 Ke6 45. Kc3 Kf6 46. b4 axb4+ 47. Kxb4 g5 48. c5 bxc5+ 49. Rxc5 Rb6+ 50. Kc4 Kg6 51. a5 Rf6 52. Rf5 Re6 53. Rf8 Re4+ 54. Kb5 Rxg4 55. a6 Rg1 56. a7 Ra1 57. a8Q Rxa8 58. Rxa8 Kf5 59. Kc4 Ke4 60. Re8+ Kf3 61. Kd3 h5 62. Rf8+ Kg2 63. Rf5 g4 64. Rxh5 g3 65. Ke2 Kg1 66. Ra5 Kh2 67. Ra1 Kg2 68. Rb1 Kh2 69. Kf3 g2 70. Kf2 1-0